000 00948nmm a2200289 a 4500
001 ocm000702396
003 TR-IsHL
005 20201028131759.0
008 131028s2002 tu tur
007 cr cn
035 _a702396
_b(N$T)
050 0 4 _aDS54.9
_b.G86 2002
090 0 4 _aDS54.9
_b.G86 2002
245 1 0 _aGündemdeki Kıbrıs: panel, 2 Aralık, 2002, İstanbul
_h[electronic resource]
260 _aAnkara :
_bTürkiye Barolar Birliği,
_c2002
300 _a67 p.
650 4 _aHukuk
650 4 _aLaw
650 0 _aKıbrıs
_x Tarihi
650 0 _aCyprus
_x History
650 0 _aTürkiye
_x Dış ilişkiler
650 0 _aTurkey
_x Foreign relations
650 0 _aYunanistan
_x Dış ilişkiler
650 0 _aGreece
_x Foreign relations
650 7 _aHISTORY / Middle East / Turkey & Ottoman Empire
_2bisacsh
856 4 0 _uhttp://search.ebscohost.com/login.aspx?direct=true&scope=site&db=e011xww&AN=702396
999 _c4744
_d4744